000 00422nam a2200181Ia 4500
001 4204
005 20260306145738.0
008 260306t2015||||xx |||||||||||||| ||spa||
041 _aESP
082 _a320.01
_bA69P 2015
100 _aArendt, Hannah
_eAUT
245 0 _aLa promesa de la política
260 _c2015
300 _a241 páginas :
_c19 cm.
650 _aGEN
654 _aCDE
942 _cLIB
_dJUS
_fJUS
_2ddc
_n
999 _c4204
_d4204